000 00242nam a2200097Ia 4500
001 702837
005 20250826162340.0
008 250824s9999 xx 000 0 und d
245 0 _aBÜYÜK UMUTLAR
_cCHARLES DICKENS
260 _bANONİM YAYINCILIK
999 _c702837
_d702837